000 00460nam a2200181Ia 4500
005 20240823042106.0
008 240823s9999||||xx |||||||||||||| ||und||
020 _a978-81-8472-096-9
041 _aENGLISH
082 _A621.46 P9
100 _aBakshi U A and Bakshi V U
245 0 _aElectrical Drives and Controls
250 _a1st
260 _c2009
_bTechnical Pub
500 _aTRANSFERED
650 _aElectrical Drives
_bElectrical
942 _cBK
999 _c207052
_d207052